000
00277nam a22001337a 4500
008
171124b xxu||||| |||| 00| 0 eng d
020
_a
0205655157
041
_a
eng
080
_2
6 ED
_a
82
100
_a
21
101
_a
GJU
245
_a
POETRY
_c
GWYN.R.S
942
_2
udc
_c
BK
999
_c
38417
_d
38417